Focus sur: Frerin - Tolkien - Statistiques

Statistiques générales
  • Ce quiz a été pris 6 fois
  • Le résultat moyen est 6 sur 8
Statistiques - réponses
Informations recherchées Réponses % Correct
Première mention Le Hobbit
100%
Espèce Nain
100%
Age durant lequel il vécut Troisième
100%
Royaume Erebor
80%
Frère Thorin II
80%
Père Thráin II
60%
Maison (lignée) Durin
60%
Sœur Dís
40%
Aucun quiz correspondant
Distribution des résultats
% des personnes avec chaque résultat
Percentile par nombre de réponses
Votre historique - résultats
Vous n’avez pas pris ce quiz